Tirth Yatra 1/ (Record no. 214903)
[ view plain ]
| 000 -LEADER | |
|---|---|
| fixed length control field | 00519nam a22001937a 4500 |
| 005 - DATE AND TIME OF LATEST TRANSACTION | |
| control field | 20260225112718.0 |
| 010 ## - LCCN (DPL NO) | |
| LC control number | ENG-147862 |
| 020 ## - INTERNATIONAL STANDARD BOOK NUMBER | |
| International Standard Book Number | 9788186336625 |
| Terms of availability | 500.00 |
| 035 ## - SYSTEM CONTROL NUMBER | |
| System control number | EN-131394 |
| 037 ## - SOURCE OF ACQUISITION | |
| Source of stock number/acquisition | DBAD |
| 082 ## - DEWEY DECIMAL CLASSIFICATION NUMBER | |
| Classification number | 921 |
| Edition number | 1 |
| 100 ## - MAIN ENTRY--PERSONAL NAME | |
| Personal name | Satyananda Swami |
| 245 ## - TITLE STATEMENT | |
| Title | Tirth Yatra 1/ |
| Statement of responsibility, etc | Swami Satyananda |
| 260 ## - PUBLICATION, DISTRIBUTION, ETC. (IMPRINT) | |
| Place of publication, distribution, etc | India |
| Name of publisher, distributor, etc | Yoga Publication trust |
| Date of publication, distribution, etc | 2013 |
| 270 ## - ADDRESS | |
| Address | Ganga Darshan Munger Bihar |
| City | Munger |
| 300 ## - PHYSICAL DESCRIPTION | |
| Extent | 376p |
| Dimensions | 22cm(Pb) |
| 760 ## - MAIN SERIES ENTRY | |
| Edition | 1 |
| 942 ## - ADDED ENTRY ELEMENTS (KOHA) | |
| Source of classification or shelving scheme | Dewey Decimal Classification |
| Item type | English Books |
| Classification part | 921 |
| Call number suffix | SAT |
No items available.
